Petra

محفوظ في:

التنسيق: كتاب

اللغة: Undetermined

منشور في: Jordan MINISTRY OF INFORMATION -DEPT.OF PRESS AND PUBLICATION

الوسوم: إضافة وسم

لا توجد وسوم, كن أول من يضع وسما على هذه التسجيلة!

رقم الطلب: (P)DS154.9 .J45

LEADER 00298nam a2200109Ia 4500
008 240503s9999||||xx |||||||||||||| ||und||
050 4 |a (P)DS154.9 .J45 
245 1 0 |a Petra 
264 1 |a Jordan  |b MINISTRY OF INFORMATION -DEPT.OF PRESS AND PUBLICATION 
300 |a Not definted  |c 17 
942 |2 lcc  |c PT 
999 |c 58251  |d 58251